Rapport présenté au Dr. José María Ramos Mejía, (Record no. 19412)
[ view plain ]
| 000 -LEADER | |
|---|---|
| fixed length control field | 01034cam a22002171 4500 |
| 001 - CONTROL NUMBER | |
| control field | e 12001464 |
| 003 - CONTROL NUMBER IDENTIFIER | |
| control field | DLC |
| 005 - DATE AND TIME OF LATEST TRANSACTION | |
| control field | 20260227111158.0 |
| 008 - FIXED-LENGTH DATA ELEMENTS--GENERAL INFORMATION | |
| fixed length control field | 811121s1911 xx a 000 0 fre |
| 010 ## - LIBRARY OF CONGRESS CONTROL NUMBER | |
| LC control number | e 12001464 |
| 035 ## - SYSTEM CONTROL NUMBER | |
| System control number | (OCoLC)14785430 |
| 040 ## - CATALOGING SOURCE | |
| Original cataloging agency | DLC |
| Transcribing agency | DNLM |
| Modifying agency | DLC |
| 042 ## - AUTHENTICATION CODE | |
| Authentication code | premarc |
| 050 00 - LIBRARY OF CONGRESS CALL NUMBER | |
| Classification number | PG499 |
| Item number | .L9 |
| 060 0# - NATIONAL LIBRARY OF MEDICINE CALL NUMBER | |
| Classification number | WS 200 |
| Item number | L987r 1911 |
| 100 1# - MAIN ENTRY--PERSONAL NAME | |
| Personal name | Lynch, Ricardo, |
| Dates associated with a name | 1871- |
| 245 10 - TITLE STATEMENT | |
| Title | Rapport présenté au Dr. José María Ramos Mejía, |
| Remainder of title | président du Conseil national d'éducation de Buenos Aires |
| Statement of responsibility, etc. | par le Dr. Ricardo Lynch, à l'occasion d'expériences faites dans les écoles Nicolás Avellaneda et Onésimo Leguizamón, sur un groupe de 35 enfants débiles, maladifs, chlorotiques, nerveux, apathiques, mélancoliques, peu intelligents et arriérés en enseignement, à l'effet de les améliorer et de renforcer leur état psychique et somatique ... |
| 260 ## - PUBLICATION, DISTRIBUTION, ETC. | |
| Place of publication, distribution, etc. | Buenos Aires, |
| Date of publication, distribution, etc. | 1911. |
| 300 ## - PHYSICAL DESCRIPTION | |
| Extent | 1 p. l., iv, 293 p. |
| Other physical details | ill. |
| 710 1# - ADDED ENTRY--CORPORATE NAME | |
| Corporate name or jurisdiction name as entry element | Buenos Aires (Argentina). |
| Subordinate unit | Consejo nacional de educación. |
No items available.